|
|
|
|
| LEADER |
01778nam a22004455i 4500 |
| 001 |
978-3-540-78634-4 |
| 003 |
DE-He213 |
| 005 |
20151125141908.0 |
| 007 |
cr nn 008mamaa |
| 008 |
100301s2008 gw | s |||| 0|eng d |
| 020 |
|
|
|a 9783540786344
|9 978-3-540-78634-4
|
| 024 |
7 |
|
|a 10.1007/978-3-540-78634-4
|2 doi
|
| 040 |
|
|
|d GrThAP
|
| 050 |
|
4 |
|a QD146-197
|
| 072 |
|
7 |
|a PNK
|2 bicssc
|
| 072 |
|
7 |
|a SCI013030
|2 bisacsh
|
| 082 |
0 |
4 |
|a 546
|2 23
|
| 245 |
1 |
0 |
|a Contemporary Metal Boron Chemistry I
|h [electronic resource] :
|b Borylenes, Boryls, Borane σ-Complexes, and Borohydrides /
|c edited by Todd B. Marder, Zhenyang Lin.
|
| 264 |
|
1 |
|a Berlin, Heidelberg :
|b Springer Berlin Heidelberg,
|c 2008.
|
| 300 |
|
|
|a XIV, 218 p. 104 illus.
|b online resource.
|
| 336 |
|
|
|a text
|b txt
|2 rdacontent
|
| 337 |
|
|
|a computer
|b c
|2 rdamedia
|
| 338 |
|
|
|a online resource
|b cr
|2 rdacarrier
|
| 347 |
|
|
|a text file
|b PDF
|2 rda
|
| 490 |
1 |
|
|a Structure and Bonding,
|x 0081-5993 ;
|v 130
|
| 505 |
0 |
|
|a Transition Metal Borylene Complexes -- Transition Metal Boryl Complexes -- Transition Metal ?-Borane Complexes -- Coordination Modes and Hydride Exchange Dynamics in Transition Metal Tetrahydroborate Complexes.
|
| 520 |
|
|
|a see Table of Contents.
|
| 650 |
|
0 |
|a Chemistry.
|
| 650 |
|
0 |
|a Inorganic chemistry.
|
| 650 |
1 |
4 |
|a Chemistry.
|
| 650 |
2 |
4 |
|a Inorganic Chemistry.
|
| 700 |
1 |
|
|a Marder, Todd B.
|e editor.
|
| 700 |
1 |
|
|a Lin, Zhenyang.
|e editor.
|
| 710 |
2 |
|
|a SpringerLink (Online service)
|
| 773 |
0 |
|
|t Springer eBooks
|
| 776 |
0 |
8 |
|i Printed edition:
|z 9783540786337
|
| 830 |
|
0 |
|a Structure and Bonding,
|x 0081-5993 ;
|v 130
|
| 856 |
4 |
0 |
|u http://dx.doi.org/10.1007/978-3-540-78634-4
|z Full Text via HEAL-Link
|
| 912 |
|
|
|a ZDB-2-CMS
|
| 950 |
|
|
|a Chemistry and Materials Science (Springer-11644)
|